| 000 -LEADER |
| fixed length control field |
00712nam a2200217Ia 4500 |
| 001 - CONTROL NUMBER |
| control field |
1616 |
| 003 - CONTROL NUMBER IDENTIFIER |
| control field |
GE_BSU |
| 005 - DATE AND TIME OF LATEST TRANSACTION |
| control field |
20210517133521.0 |
| 008 - FIXED-LENGTH DATA ELEMENTS--GENERAL INFORMATION |
| fixed length control field |
181216s2008||||ru |||||||||||||| ||rus|| |
| 020 ## - INTERNATIONAL STANDARD BOOK NUMBER |
| International Standard Book Number |
9785947748963 |
| 040 ## - CATALOGING SOURCE |
| Transcribing agency |
GE_BSU |
| 041 ## - LANGUAGE CODE |
| Language code of text/sound track or separate title |
rus |
| 080 ## - UNIVERSAL DECIMAL CLASSIFICATION NUMBER |
| Universal Decimal Classification number |
621.398(075.8) Б-49 |
| 100 ## - MAIN ENTRY--PERSONAL NAME |
| Personal name |
Берлин, А.Н. |
| 9 (RLIN) |
11811 |
| 245 ## - TITLE STATEMENT |
| Title |
Телекоммуникационные сети и устроиства : |
| Remainder of title |
Учебное пособие / |
| Statement of responsibility, etc. |
А.Н. Берлин. |
| 264 ## - PRODUCTION, PUBLICATION, DISTRIBUTION, MANUFACTURE, AND COPYRIGHT NOTICE |
| Place of production, publication, distribution, manufacture |
М.: |
| Date of production, publication, distribution, manufacture, or copyright notice |
2008. |
| 300 ## - PHYSICAL DESCRIPTION |
| Extent |
319 стр. |
| Other physical details |
илл. |
| 653 ## - INDEX TERM--UNCONTROLLED |
| keyword |
Телекомvуникационые сети и устроиства |
| 653 ## - INDEX TERM--UNCONTROLLED |
| keyword |
ტელეკომუნიკაცია |
| 942 ## - ADDED ENTRY ELEMENTS (KOHA) |
| Koha item type |
წიგნი |
| Source of classification or shelving scheme |
|